000 00515nam a22001817a 4500
999 _c189106
_d189106
005 20220620104025.0
010 _aENG-133263
020 _a978817525663
_c999.00
035 _aEN-116795
037 _bDBAD/PUB
082 _a485
100 _aPrakash, Satya
245 _aApt Word Explorer/
_cSatya Prakash
260 _aNew Delhi
_bKVD Publications
_c2006
270 _a700/701-A, Lado Sarai, Opp. Golf Course
_bNew Delhi
_e110030
300 _a532p.
_c21cm(hbk)
942 _2ddc
_cEN
_h485
_mPRA